Devine le joueur de football selon ses clubs #3 - Statistiques

Statistiques générales
  • Ce quiz a été pris 375 fois
    197 depuis la dernière actualisation
  • Le résultat moyen est 8 sur 10
Statistiques - réponses
1er club 2ème club 3ème club 4ème club 5ème club Joueurs % Correct
OGC Nice OL Tottenham Los Angeles FC Hugo Lloris
84%
Real Madrid Dortmund Inter Milan PSG Achraf Hakimi
83%
RC Lens Real Madrid Manchester United Côme 1907 Raphaël Varane
83%
Lille Stuttgart Bayern Inter Milan Benjamin Pavard
76%
Flamengo AC Milan OL West Ham Lucas Paqueta
76%
Genk Chelsea FC Atlético de Madrid Chelsea FC Real Madrid Thibaut Courtois
76%
FC Groningue Celtic FC Southampton FC Liverpool FC Virgil Van Dijk
75%
River Plate Defensa y Justicia Benfica Chelsea FC Enzo Fernandez
71%
Sao Paulo FC PSG Tottenham Sao Paulo FC Lucas Moura
71%
Rot-Weiss Ahlen Monchengladbach Dortmund Galaxy LA Marco Reus
71%
Aucun quiz correspondant
Distribution des résultats
% des personnes avec chaque résultat
Percentile par nombre de réponses
Votre historique - résultats
Vous n’avez pas pris ce quiz depuis la dernière actualisation